Geography Quiz

Random Geography or City Quiz

Top 25 Cities of Iran on a Map Quiz Stats

 Plays Quiz Updated Feb 14, 2019

Score 0/25 Timer 07:00
16 Plays Today
% Correct
Tehran
98%
Qom
74.9%
Shiraz
72.3%
Tabriz
69.4%
Isfahan
68.2%
Mashhad
67.2%
Kerman
62.9%
Yazd
58.2%
Rasht
55.3%
Ahvaz
54.5%
Urmia
53%
Karaj
52.7%
Arak
48%
% Correct
Hamadan
46.6%
Kermanshah
42%
Ardabil
40.4%
Bandar Abbas
38.1%
Zahedan
37.2%
Sari
35.1%
Gorgan
34.8%
Zanjan
33.9%
Qazvin
26.1%
Bushehr
18%
Khorramabad
17.2%
Sanandaj
17.1%

You're not logged in!

Compare scores with friends on all Sporcle quizzes.
OR
Log In

You Might Also Like...

Show Comments

Extras

Top Quizzes Today


Score Distribution

Your Account Isn't Verified!

In order to create a playlist on Sporcle, you need to verify the email address you used during registration. Go to your Sporcle Settings to finish the process.

Report this User

Report this user for behavior that violates our Community Guidelines.

Details: